[Event "Campo Grande op 2nd"]
[Site "Campo Grande"]
[Date "2014.09.06"]
[Round "2"]
[White "Borges de Oliveira, Anita"]
[Black "Borges Batista de Souza, Ana Luiza"]
[Result "1/2-1/2"]
[WhiteElo "1762"]
[BlackElo "1800"]
[PlyCount "42"]
[EventDate "2014.09.05"]
[EventType "swiss"]
[EventRounds "5"]
[EventCountry "BRA"]
[SourceTitle "CBM 162 Extra"]
[Source "ChessBase"]
[SourceDate "2014.10.17"]
[SourceVersion "1"]
[SourceVersionDate "2014.10.17"]
[SourceQuality "1"]

1. Nf3 Nc6 2. e4 e5 3. Bb5 Bb4 4. 0-0 Nf6 5. c3 Ba5 6. b4 Bb6 7. Re1 0-0 8. Bc4 Re8 9. Ng5 h6 10. Bxf7+ Kh8 11. Bxe8 Qxe8 12. Na3 hxg5 13. Qf3 Qh5 14. Qf5 d6 15. g4 Qxg4+ 16. Qxg4 Nxg4 17. d4 exd4 18. Bxg5 dxc3 19. Kg2 Nxb4 20. Be7 Nxf2 21. Bf6 gxf6 1/2-1/2

[Event "Campo Grande op 2nd"]
[Site "Campo Grande"]
[Date "2014.09.06"]
[Round "3"]
[White "De Abreu, Vitor Lourenco Marc"]
[Black "Borges de Oliveira, Anita"]
[Result "1-0"]
[WhiteElo "1711"]
[BlackElo "1762"]
[PlyCount "23"]
[EventDate "2014.09.05"]
[EventType "swiss"]
[EventRounds "5"]
[EventCountry "BRA"]
[SourceTitle "CBM 162 Extra"]
[Source "ChessBase"]
[SourceDate "2014.10.17"]
[SourceVersion "1"]
[SourceVersionDate "2014.10.17"]
[SourceQuality "1"]

1. e4 Nf6 2. e5 Ne4 3. d4 e6 4. Nf3 Bb4+ 5. c3 Ba5 6. Bd3 0-0 7. Bxe4 g6 8. Bg5 Qe8 9. Bf6 Nc6 10. Qd2 d5 11. Qh6 dxe4 12. Qg7# 1-0